Analysis of impact of using the trend variables on bankruptcy prediction models performance
Analýza vplyvu trendových premenných na predikčnú schopnosť bankrotových modelov vytvorených pomocou dvoch vybraných metód: diskriminačnej analýzy a rozhodovacích stromov, a vytvorenie modelu na podmienky Slovenskej republiky, ktorý by dosahoval hodnoty presnosti predikcie o min. 10 % vyššie ako ak...
Na minha lista:
| Autor principal: | |
|---|---|
| Outros Autores: | , , |
| Formato: | Capítulo de Livro |
| Idioma: | inglês |
| Assuntos: | |
| Tags: |
Sem tags, seja o primeiro a adicionar uma tag!
|
MARC
| LEADER | 00000naa a2200000 4500 | ||
|---|---|---|---|
| 001 | 0233407 | ||
| 005 | 20220805075458.3 | ||
| 041 | 0 | |a eng | |
| 044 | |a SK | ||
| 245 | 1 | 0 | |a Analysis of impact of using the trend variables on bankruptcy prediction models performance |c Beáta Gavurová, František Janke, Miroslava Packová, Mojmír Prídavok |
| 520 | |a Analýza vplyvu trendových premenných na predikčnú schopnosť bankrotových modelov vytvorených pomocou dvoch vybraných metód: diskriminačnej analýzy a rozhodovacích stromov, a vytvorenie modelu na podmienky Slovenskej republiky, ktorý by dosahoval hodnoty presnosti predikcie o min. 10 % vyššie ako aktuálne používané modely (Altman a index IN05). | ||
| 610 | 2 | 0 | |a modely ekonometrické |
| 610 | 2 | 0 | |a analýza diskriminačná |
| 610 | 2 | 0 | |a modely prognostické |
| 610 | 2 | 0 | |a bankrot |
| 610 | 2 | 0 | |a Slovensko |
| 100 | 1 | |a Gavurová, Beáta, 1972- | |
| 700 | 1 | |a Janke, František | |
| 700 | 1 | |a Packová, Miroslava | |
| 700 | 1 | |a Prídavok, Mojmír | |